00583 2200193 4500001002100000005001500021008004100036020001800077035001900095041000700114082001000121090001600131100001700147245014200164260003400306300002100340500001100361650001700372INLIS00000000001271120241224114422241224||||||||| | ||| |||| || |  a979-1073-73-2 0010-1224012711 aid0 a320.3 a320.3 SED r0 aSedarmayanti00aReformasi Administrasi Publik, Reformasi Birokrasi, dan Kepemimpinan Masa Depan (Mewujudkan Pelayanan Prima dan Kepemerintahan yang Baik) aBandungbRefika Aditamac2010 ax+340hlm;18x25cm aCet. 2 0aIlmu Politik